00508nam a22001577a 45000050016000000200025000160370014000411000022000552450042000772600033001192700041001523000029001939420017002229990017002399520094002562011121208598.0 a9788121937313c89.00 bS. Chand  aPipe, Jim 936833 aLook and play tractors /cby Jim Pipe aNew Delhi bS. Chand c2011 a7361, Ram Nagar bNew Delhi e110055 a24p. bill. c24cm(pbk)  2ddccCHmPIP c59289d59289 00104070aAGbAGd2011-12-12g89.00l0oPIPr2011-12-12 00:00:00v89.00w2011-12-12yCH